Drop forging practice (Record no. 1026)

000 -LEADER
fixed length control field 00404nam a22001697a 4500
008 - FIXED-LENGTH DATA ELEMENTS--GENERAL INFORMATION
fixed length control field 200107b ||||| |||| 00| 0 eng d
082 00 - DEWEY DECIMAL CLASSIFICATION NUMBER
Classification number 671
Item number J661
100 ## - MAIN ENTRY--PERSONAL NAME
9 (RLIN) 598
Personal name Johnson, S.
245 10 - TITLE STATEMENT
Title Drop forging practice
250 ## - EDITION STATEMENT
Edition statement 1st
260 ## - PUBLICATION, DISTRIBUTION, ETC. (IMPRINT)
Place of publication, distribution, etc London
Name of publisher, distributor, etc Charles Griffin
Date of publication, distribution, etc 1937
300 ## - PHYSICAL DESCRIPTION
Extent xii,108p.
365 ## - TRADE PRICE
Unit of pricing 3.02
650 #0 - SUBJECT ADDED ENTRY--TOPICAL TERM
Topical term or geographic name as entry element Forging
700 ## - ADDED ENTRY--PERSONAL NAME
9 (RLIN) 600
Personal name Warby, J.
942 ## - ADDED ENTRY ELEMENTS (KOHA)
Item type Books
Holdings
Withdrawn status Lost status Source of classification or shelving scheme Damaged status Not for loan Permanent location Current location Date acquired Source of acquisition Full call number Barcode Date last seen Koha item type
          IMU Kolkata IMU Kolkata 1952-10-30 Progressive 671 J661 00728 2020-01-07 Books
          IMU Kolkata IMU Kolkata 1952-10-30 Progressive 671 J661 00729 2020-01-07 Books
Designed and Maintained by IMU-KC Library, Kolkata Campus © Copyright All Rights Reserved

webs counters

Powered by Koha